| 000 | 004370000a22001690004500 | ||
|---|---|---|---|
| 003 | MACL | ||
| 005 | 20160102120034.0 | ||
| 008 | 160102b xxu||||| |||| 00| 0 eng d | ||
| 040 |
_aMACL _cMACL |
||
| 041 | _aEnglish | ||
| 082 | _a575/SCH | ||
| 100 |
_aSchmidt, Oscar _926842 |
||
| 245 | _aThe Doctrine of Descen and Darwinism | ||
| 260 |
_bHenry S King & co _c1875 _aLondon |
||
| 650 |
_aLife Science _926844 |
||
| 942 |
_cBK _k575/SCH _2ddc |
||
| 999 |
_c36914 _d36914 |
||